| 000 | 00601nam a22001937a 4500 | ||
|---|---|---|---|
| 005 | 20241104172737.0 | ||
| 010 | _aENG-142493 | ||
| 020 |
_a9789392209123 _c899.00 |
||
| 035 | _aEN-126025 | ||
| 037 | _bDBAD | ||
| 082 | _a954.92051 | ||
| 245 |
_aWar Despatches 1971 / _cEdited By B.S Mehta |
||
| 250 | _a1 | ||
| 260 |
_aNoida _bBluOne India LLP _c2022 |
||
| 270 |
_a306, Tower-I, Assotech Busness Cresterra, Plot No. 22, Sector 135 _bNoida _mpublisher@bluone.ink |
||
| 300 |
_a368p. _c24cm(hb) _bIndex |
||
| 700 |
_aMehta, B.S _eEditor _973683 |
||
| 942 |
_2ddc _cEN _mWAR _h954.92051 |
||
| 999 |
_c206886 _d206886 |
||